La originalidad de la Vanguardia y otros mitos modernos

Պահպանված է:
Մատենագիտական մանրամասներ
Հիմնական հեղինակ: Krauss, Rosalind E (autora)
Ձևաչափ: Գիրք
Լեզու:իսպաներեն
Հրապարակվել է: Madrid Alianza 1996
Հրատարակություն:1a. ed
Խորագրեր:
Ցուցիչներ: Ավելացրեք ցուցիչ
Չկան պիտակներ, Եղեք առաջինը, ով նշում է այս գրառումը!

MARC

LEADER 00000cam a2200000 a 4500
001 UCK8428
003 CL-VaPUC
008 060317e19960000SP |||||||||||||||||spa|d
020 |a 8420671355 
082 0 4 |a 759.6  |b KRA  |2 21 
100 |a Krauss, Rosalind E  |e autora  |9 579175 
245 1 3 |a La originalidad de la Vanguardia y otros mitos modernos 
250 |a 1a. ed 
300 |a 320 p 
942 |c BK 
945 |d 20060317 00:00:00  |a jtorresc 
260 |a Madrid  |b Alianza  |c 1996 
650 0 |a Vanguardias  |9 378346 
650 7 |a PINTURAS MODERNAS  |2 CL-VaPUC  |9 498197 
650 0 |a Arte moderno  |9 265333 
650 0 |a Arquitectura moderna  |9 265021 
583 |a last modification  |c 20130304 10:40:58  |k Rodrigo Vera 
999 |c 316079  |d 316077 
952 |0 0  |1 0  |4 0  |6 759_600000000000000_KRA_1996  |7 0  |8 A  |9 390172  |a BIBARQ  |b BIBARQ  |d 2019-11-22  |i 4207181  |o 759.6 KRA 1996  |p 4207181  |r 2025-01-20  |w 2019-11-22  |y BK  |k ARQ 
952 |0 0  |1 0  |4 0  |6 759_600000000000000_KRA_1996  |7 0  |8 A  |9 390173  |a BIBHIS  |b BIBHIS  |d 2019-11-22  |i 4950658  |o 759.6 KRA 1996  |p 4950658  |r 2025-01-20  |w 2019-11-22  |y BK  |k HIS 
952 |0 0  |1 0  |3 erb  |4 0  |6 759_600000000000000_KRA_1996  |7 0  |8 R  |9 390174  |a BIBART  |b BIBART  |i 5057264  |l 2  |m 2  |o 759.6 KRA 1996  |p 5057264  |r 2025-03-13  |s 2022-10-19  |w 2019-11-22  |y BK_R  |z Catalogado en:20140227  |k ART 
952 |0 0  |1 0  |3 erb  |4 0  |6 759_600000000000000_KRA_1996  |7 0  |8 A  |9 390175  |a BIBEDU  |b BIBEDU  |i 5198712  |l 2  |o 759.6 KRA 1996  |p 5198712  |r 2022-08-26  |s 2022-08-19  |w 2019-11-22  |y BK  |z Catalogado en:20150911  |k FIL